000 00693nam a22002177a 4500
003 UA-OsUOA
001 121424
007 ta
008 20170320b un ||||| |||| 00| 0 ukr d
100 _aЛапаєв Ю.
090 _a32
_bЛ24
942 _cSA
040 _aUA-OsUOA
_bukr
_cUA-OsUOA
_dUA-OsUOA
245 _aПосмішка "Іскандерів". Як путін користується хаосом у США для реалізації своїх військових амбіцій
300 _aС.30-32
955 _a0
041 _aukr
080 _a32
773 0 _w121422
_tУкраїнський тиждень
_dК.
_d2017
_g11
650 7 _a32 Політика
_2UDC
999 _c407509
_d407509